000 00310nam a22000977a 4500
008 230821b |||||||| |||| 00| 0 eng d
040 _aNational Science Library
_cNational Science Library
245 _aSchool librarian and school library review
260 _aScotland:
_bSchool Library Association,
942 _cCR
999 _c59450
_d59450